Maternal mortality in 2000 : estimates developed by WHO, UNICEF and UNFPA
| Médium: | Kniha |
|---|---|
| Vydáno: |
Francia :
Organizacion Mundial de la Salud,
2004
|
| Témata: |
MARC
| LEADER | 00000nam a2200000 4500 | ||
|---|---|---|---|
| 008 | 191218b2004 f ||||| |||| 00| | en d | ||
| 999 | |c 3860 |d 3860 | ||
| 020 | |a 9241562706 | ||
| 090 | |a 14.06.01 |b 1724 | ||
| 245 | 1 | 0 | |a Maternal mortality in 2000 : estimates developed by WHO, UNICEF and UNFPA |
| 260 | |a Francia : |b Organizacion Mundial de la Salud, |c 2004 | ||
| 300 | |a 30 páginas | ||
| 650 | 1 | 4 | |9 4046 |a MORTALIDAD MATERNA |
| 942 | |i 002863 |h 14.06.01 1724 |2 z |c 01 | ||
